[Event "Bor"]
[Site "Bor"]
[Date "1986.??.??"]
[Round "8"]
[White "Velimirovic, Dragoljub"]
[Black "Nikolic, Zivoslav"]
[Result "1/2-1/2"]
[WhiteElo "2570"]
[BlackElo "2475"]
[PlyCount "60"]
[EventDate "1986.10.??"]
[EventType "tourn"]
[EventRounds "11"]
[EventCountry "YUG"]
[EventCategory "11"]
[Source "ChessBase"]
[SourceDate "1996.11.15"]
[WhiteTeamCountry "ARG"]
[BlackTeamCountry "YUG"]

1. e4 e6 2. d4 d5 3. Nc3 Nc6 4. e5 b6 5. h4 Qd7 6. h5 Bb7 7. a3 f6 8. Nf3 O-O-O
9. b4 Qe8 10. Bb5 a6 11. Ba4 fxe5 12. dxe5 b5 13. Bb3 h6 14. Ne2 g5 15. hxg6
Nge7 16. Bb2 Nxg6 17. Qd3 Bg7 18. O-O-O Ngxe5 19. Nxe5 Bxe5 20. Qh3 Bxb2+ 21.
Kxb2 Kb8 22. Nf4 Qf7 23. Nxe6 Qf6+ 24. Kb1 Bc8 25. Nxd8 Bxh3 26. Nxc6+ Qxc6 27.
Bxd5 Qf6 28. Rxh3 Rd8 29. Rf3 Qe5 30. Rfd3 Ka7 1/2-1/2

[Event "Bor"]
[Site "Bor"]
[Date "1986.??.??"]
[Round "10"]
[White "Velimirovic, Dragoljub"]
[Black "Dizdarevic, Emir"]
[Result "1/2-1/2"]
[WhiteElo "2570"]
[BlackElo "2470"]
[PlyCount "78"]
[EventDate "1986.10.??"]
[EventType "tourn"]
[EventRounds "11"]
[EventCountry "YUG"]
[EventCategory "11"]
[Source "ChessBase"]
[SourceDate "1996.11.15"]
[WhiteTeamCountry "ARG"]
[BlackTeamCountry "YUG"]

1. e4 c5 2. Nf3 e6 3. d4 cxd4 4. Nxd4 a6 5. c4 Nf6 6. Nc3 Qc7 7. a3 b6 8. g3
Bb7 9. Bg2 d6 10. Bg5 Nbd7 11. Rc1 Rc8 12. O-O Be7 13. Bxf6 Nxf6 14. f4 O-O 15.
f5 e5 16. Nb3 b5 17. Nd5 Nxd5 18. cxd5 Qb6+ 19. Kh1 Bg5 20. Rxc8 Rxc8 21. h4
Bh6 22. Rf3 a5 23. Qe1 a4 24. Qa5 Be3 25. Qe1 Bh6 26. Qa5 Qa6 27. Rc3 Ra8 28.
Qxa6 Bxa6 29. Nc1 b4 30. axb4 Bd2 31. Rc7 Bxb4 32. Bf3 Ba5 33. Rc2 g6 34. Be2
Bxe2 35. Nxe2 gxf5 36. exf5 Rb8 37. Kg2 h5 38. Kf3 Rb3+ 39. Ke4 Bb6 {(...62.)}
1/2-1/2

[Event "Pinerolo op"]
[Site "Pinerolo"]
[Date "1987.??.??"]
[Round "?"]
[White "Velimirovic, Dragoljub"]
[Black "Levitt, Jonathan"]
[Result "0-1"]
[WhiteElo "2535"]
[BlackElo "2430"]
[PlyCount "82"]
[EventDate "1987.??.??"]
[EventType "swiss"]
[EventRounds "7"]
[EventCountry "ITA"]
[Source "ChessBase"]
[SourceDate "2001.11.25"]
[WhiteTeamCountry "YUG"]
[BlackTeamCountry "AUT"]

1. e4 e6 2. d4 d5 3. Nc3 Bb4 4. e5 c5 5. a3 Bxc3+ 6. bxc3 Ne7 7. Qg4 Qc7 8.
Qxg7 Rg8 9. Qxh7 cxd4 10. Ne2 Nbc6 11. f4 Bd7 12. Qd3 dxc3 13. Nxc3 a6 14. Rb1
Rc8 15. h4 Nf5 16. Rh3 Nce7 17. h5 Nh6 18. a4 Nef5 19. Bd2 Rg7 20. a5 Kf8 21.
Na4 Bxa4 22. Qa3+ Kg8 23. Qxa4 Ng3 24. Qb3 Nhf5 25. h6 Rg6 26. h7+ Kh8 27. Qxb7
Qc5 28. Rb3 Ne4 29. Qb6 Qxc2 30. Rb2 Qa4 31. Bxa6 Rxg2 32. Bxc8 Rg1+ 33. Qxg1
Qa1+ 34. Ke2 Qxg1 35. Ra3 Qg4+ 36. Ke1 Qg1+ 37. Ke2 Qg4+ 38. Ke1 Nd4 39. Be3
Qh4+ 40. Kf1 Qh3+ 41. Rg2 Nc2 0-1

[Event "Pinerolo op"]
[Site "Pinerolo"]
[Date "1987.??.??"]
[Round "?"]
[White "Velimirovic, Dragoljub"]
[Black "Suba, Mihai"]
[Result "1-0"]
[WhiteElo "2535"]
[BlackElo "2560"]
[PlyCount "47"]
[EventDate "1987.??.??"]
[EventType "swiss"]
[EventRounds "7"]
[EventCountry "ITA"]
[Source "ChessBase"]
[SourceDate "2001.11.25"]
[WhiteTeamCountry "YUG"]
[BlackTeamCountry "AUT"]

1. e4 c5 2. Nf3 d6 3. d4 Nf6 4. Nc3 cxd4 5. Nxd4 e6 6. Be3 a6 7. Bc4 b5 8. Bb3
Bb7 9. f4 Nbd7 10. O-O b4 11. Na4 Bxe4 12. f5 e5 13. Ne6 fxe6 14. fxe6 Nb8 15.
Nb6 Be7 16. Ba4+ Bc6 17. Nxa8 Bxa4 18. Bb6 Qc8 19. Rxf6 Bxc2 20. Rc1 Bxf6 21.
Rxc2 Qb7 22. Qxd6 Be7 23. Nc7+ Kf8 24. Rf2+ 1-0

[Event "Yugoslavia "]
[Site "Yugoslavia"]
[Date "1987.??.??"]
[Round "?"]
[White "Ivkov, Borislav"]
[Black "Velimirovic, Dragoljub"]
[Result "1/2-1/2"]
[WhiteElo "2445"]
[BlackElo "2520"]
[PlyCount "79"]
[EventDate "1987.??.??"]
[EventType "game"]
[EventCountry "YUG"]
[Source "ChessBase"]
[SourceDate "2009.11.30"]
[WhiteTeamCountry "YUG"]
[BlackTeamCountry "AUT"]

1. Nf3 Nf6 2. c4 g6 3. Nc3 Bg7 4. e4 d6 5. d4 c5 6. Be2 O-O 7. O-O Nc6 8. d5
Na5 9. Rb1 b6 10. a3 Bg4 11. Nd2 Bxe2 12. Qxe2 Re8 13. b3 e5 14. Nd1 Nb7 15.
Nb2 Qe7 16. Nd3 Nd7 17. Bb2 f5 18. g3 f4 19. gxf4 exf4 20. Bxg7 Qg5+ 21. Kh1
Kxg7 22. Rg1 Qf6 23. Rg4 Rf8 24. Nxf4 Qxf4 25. Rxf4 Rxf4 26. Nf3 Raf8 27. Ng5
Nd8 28. Rf1 Ne5 29. Nh3 Rf3 30. Ng5 R3f6 31. f4 Rxf4 32. Rxf4 Rxf4 33. Qe3 Rf6
34. Qh3 h6 35. Ne6+ Nxe6 36. dxe6 g5 37. e7 Kf7 38. Qc8 Kxe7 39. Qb7+ Nd7 40.
Qxa7 1/2-1/2

[Event "Yugoslavia "]
[Site "Yugoslavia"]
[Date "1987.??.??"]
[Round "?"]
[White "Velimirovic, Dragoljub"]
[Black "Kurajica, Bojan"]
[Result "1-0"]
[WhiteElo "2520"]
[BlackElo "2495"]
[PlyCount "71"]
[EventDate "1987.??.??"]
[EventType "game"]
[EventCountry "YUG"]
[Source "ChessBase"]
[SourceDate "2009.11.30"]
[WhiteTeamCountry "YUG"]
[BlackTeamCountry "AUT"]

1. e4 c5 2. Nf3 Nc6 3. d4 cxd4 4. Nxd4 e6 5. Nc3 Qc7 6. Be2 a6 7. O-O Nf6 8.
Kh1 b5 9. Nxc6 dxc6 10. f4 Bb7 11. e5 Rd8 12. Qe1 Nd5 13. Nxd5 Rxd5 14. c4 Rd7
15. f5 exf5 16. Bf4 Rd4 17. Qc3 Re4 18. Bd3 b4 19. Qc2 Rxf4 20. Rxf4 g6 21. c5
a5 22. Rf2 Bg7 23. Re1 O-O 24. Rfe2 Bc8 25. Bc4 Kh8 26. Qd3 Qe7 27. Qd6 Qh4 28.
Bxf7 Ba6 29. g3 Qg4 30. Rf2 Rxf7 31. e6 Bf8 32. Qd8 Bc4 33. e7 Bd5+ 34. Kg1 Kg7
35. e8=Q Bxc5 36. Qe5+ 1-0

[Event "Zenica"]
[Site "Zenica"]
[Date "1987.??.??"]
[Round "1"]
[White "Dizdarevic, Emir"]
[Black "Velimirovic, Dragoljub"]
[Result "1/2-1/2"]
[WhiteElo "2490"]
[BlackElo "2535"]
[PlyCount "65"]
[EventDate "1987.04.??"]
[EventType "tourn"]
[EventRounds "11"]
[EventCountry "YUG"]
[Source "ChessBase"]
[SourceDate "1994.03.01"]
[WhiteTeamCountry "YUG"]
[BlackTeamCountry "AUT"]

1. Nf3 g6 2. c4 Bg7 3. d4 c5 4. e4 d6 5. Nc3 Nf6 6. Be2 O-O 7. O-O Nc6 8. d5
Na5 9. Bd2 Bg4 10. b3 a6 11. h3 Bxf3 12. Bxf3 Rb8 13. a4 Nd7 14. Rb1 e6 15. g3
Re8 16. Qc2 Qc7 17. Rfe1 Nf6 18. Bf4 exd5 19. exd5 Rxe1+ 20. Rxe1 Re8 21. Rxe8+
Nxe8 22. h4 Qe7 23. Ne4 h6 24. Bd2 b6 25. h5 g5 26. g4 Bd4 27. Ng3 Ng7 28. Kg2
Be5 29. Qd3 Bf4 30. Bc3 Be5 31. Bd2 Bf4 32. Bc3 Be5 33. Bd2 1/2-1/2

[Event "Zenica"]
[Site "Zenica"]
[Date "1987.??.??"]
[Round "2"]
[White "Velimirovic, Dragoljub"]
[Black "Groszpeter, Attila"]
[Result "1-0"]
[WhiteElo "2535"]
[BlackElo "2505"]
[PlyCount "137"]
[EventDate "1987.04.??"]
[EventType "tourn"]
[EventRounds "11"]
[EventCountry "YUG"]
[Source "ChessBase"]
[SourceDate "1994.03.01"]
[WhiteTeamCountry "YUG"]
[BlackTeamCountry "AUT"]

1. e4 c6 2. d4 d5 3. exd5 cxd5 4. c4 Nf6 5. Nc3 e6 6. Nf3 Bb4 7. cxd5 Nxd5 8.
Qc2 Nc6 9. a3 Ba5 10. Bg5 Qd6 11. b4 Nxc3 12. bxa5 Nd5 13. Bd3 h6 14. Bd2 O-O
15. O-O b6 16. Rfc1 Bd7 17. Qb2 Nxa5 18. Ne5 Nc6 19. Ba6 Rad8 20. Rc2 Nxe5 21.
dxe5 Qb8 22. Re1 Bc8 23. Bf1 Bb7 24. Qb3 Rc8 25. Rb2 Ne7 26. Qh3 Rfd8 27. Bd3
Qc7 28. Bb1 Rxd2 29. Rxd2 Qxe5 30. Rdd1 Qg5 31. Rd7 Bd5 32. Qg3 Qd2 33. Qe3
Qxe3 34. fxe3 Kf8 35. Rd1 Nc6 36. Rf1 f6 37. Rc1 Rd8 38. Rxd8+ Nxd8 39. Rc7 a5
40. Bg6 Bc6 41. Kf2 b5 42. Bc2 g5 43. Ra7 b4 44. Rxa5 bxa3 45. e4 Nf7 46. Rxa3
Ne5 47. Ra7 h5 48. Ke3 Be8 49. Rc7 Ng4+ 50. Kd4 e5+ 51. Kc5 Nxh2 52. Bb3 Bg6
53. Bd5 Ng4 54. Kd6 h4 55. Ke6 Kg8 56. Ra7 Kh8 57. Bc4 Bxe4 58. Be2 Ne3 59. Bf3
Bxf3 60. gxf3 h3 61. Kxf6 Ng2 62. Ra1 Nf4 63. Kxg5 Kg7 64. Kf5 Kh6 65. Rh1 Kh5
66. Kxe5 Nd3+ 67. Kd4 Nf4 68. Ke4 Kg5 69. Rh2 1-0

[Event "Zenica"]
[Site "Zenica"]
[Date "1987.??.??"]
[Round "3"]
[White "Lalic, Bogdan"]
[Black "Velimirovic, Dragoljub"]
[Result "1/2-1/2"]
[WhiteElo "2440"]
[BlackElo "2535"]
[PlyCount "120"]
[EventDate "1987.04.??"]
[EventType "tourn"]
[EventRounds "11"]
[EventCountry "YUG"]
[Source "ChessBase"]
[SourceDate "1994.03.01"]
[WhiteTeamCountry "YUG"]
[BlackTeamCountry "AUT"]

1. d4 Nf6 2. c4 c5 3. d5 g6 4. Nc3 Bg7 5. e4 d6 6. h3 O-O 7. Nf3 e5 8. g4 Ne8
9. Bd3 Na6 10. a3 Nac7 11. Qe2 Bd7 12. Rg1 Qc8 13. Rg3 a6 14. Be3 b5 15. cxb5
axb5 16. Nxb5 Nxb5 17. Bxb5 Bxb5 18. Qxb5 Nc7 19. Qe2 Qb7 20. Rc1 Rfb8 21. Rc2
Qb3 22. Bc1 Qb7 23. Kf1 Nb5 24. Kg2 Ra4 25. b3 Raa8 26. a4 Nd4 27. Nxd4 exd4
28. Bf4 Qe7 29. Rd3 Rb4 30. Qf3 Re8 31. Rc1 Be5 32. a5 Rb5 33. Ra1 g5 34. Bd2
h6 35. Re1 Reb8 36. Rc1 Qc7 37. Rc4 Qa7 38. h4 gxh4 39. Ra4 Qd7 40. Ra3 Bg7 41.
g5 Kh7 42. Qh5 Qe7 43. Qxh4 Re8 44. a6 Rbb8 45. Rf3 Ra8 46. Rf4 Qxg5+ 47. Qxg5
hxg5 48. Rxf7 Rxe4 49. a7 Re2 50. Bxg5 Kg6 51. Rb7 Kxg5 52. Rb8 d3 53. Rxa8 d2
54. Rg8 d1=Q 55. Rxg7+ Kh5 56. a8=Q Rxf2+ 57. Kxf2 Qd2+ 58. Kg3 Qe3+ 59. Kh2
Qf2+ 60. Rg2 Qh4+ 1/2-1/2

[Event "Zenica"]
[Site "Zenica"]
[Date "1987.??.??"]
[Round "5"]
[White "Flear, Glenn C"]
[Black "Velimirovic, Dragoljub"]
[Result "0-1"]
[WhiteElo "2495"]
[BlackElo "2535"]
[PlyCount "66"]
[EventDate "1987.04.??"]
[EventType "tourn"]
[EventRounds "11"]
[EventCountry "YUG"]
[Source "ChessBase"]
[SourceDate "1994.03.01"]
[WhiteTeamCountry "YUG"]
[BlackTeamCountry "AUT"]

1. d4 Nf6 2. c4 c5 3. d5 g6 4. Nc3 Bg7 5. e4 O-O 6. Bd3 d6 7. Nge2 e6 8. O-O
exd5 9. cxd5 b6 10. Ng3 Ng4 11. a4 Qh4 12. h3 Nxf2 13. Kxf2 Bd4+ 14. Kf3 h5 15.
Nf5 gxf5 16. exf5 Nd7 17. Qe1 Ne5+ 18. Ke2 Qxe1+ 19. Rxe1 Nxd3 20. Kxd3 Bxf5+
21. Kc4 Be5 22. Rf1 Bg6 23. Bf4 Bxf4 24. Rxf4 a6 25. Ne4 Bxe4 26. Rxe4 Rfe8 27.
Rh4 Re3 28. Ra3 Rxa3 29. bxa3 Re8 30. Rxh5 Re4+ 31. Kb3 Re3+ 32. Kc4 Kg7 33.
Rg5+ Kf6 0-1

[Event "Zenica"]
[Site "Zenica"]
[Date "1987.??.??"]
[Round "6"]
[White "Kovacevic, Vlatko"]
[Black "Velimirovic, Dragoljub"]
[Result "0-1"]
[WhiteElo "2490"]
[BlackElo "2535"]
[PlyCount "110"]
[EventDate "1987.04.??"]
[EventType "tourn"]
[EventRounds "11"]
[EventCountry "YUG"]
[Source "ChessBase"]
[SourceDate "1994.03.01"]
[WhiteTeamCountry "YUG"]
[BlackTeamCountry "AUT"]

1. d4 Nf6 2. Nf3 g6 3. Bg5 Bg7 4. e3 O-O 5. Be2 d6 6. c4 c5 7. Nc3 Nc6 8. d5
Na5 9. Nd2 a6 10. a4 h6 11. Bh4 e5 12. O-O Qc7 13. e4 Bd7 14. Kh1 Rae8 15. g4
Nh7 16. Rg1 Bf6 17. Bg3 Bg5 18. Rb1 b6 19. Nf1 Kh8 20. Ne3 Bf4 21. h4 Nf6 22.
Ng2 g5 23. Ne3 Rg8 24. h5 Rb8 25. Nf5 Bxf5 26. exf5 Rge8 27. b3 Qe7 28. Qc2 e4
29. Rbe1 Qe5 30. Bf3 Bxg3 31. Rxg3 Qxg3 32. fxg3 exf3 33. Rf1 Re3 34. Qb2 Kg7
35. Rxf3 Re1+ 36. Kg2 Rbe8 37. Rf2 R8e5 38. Kh3 R5e3 39. Re2 R1xe2 40. Nxe2
Rxb3 41. Qc1 Rb4 42. Nc3 Rxc4 43. Qb2 Rb4 44. Qe2 Rxg4 45. Qxa6 Nc4 46. Nb5 Re4
47. Nc7 g4+ 48. Kh2 Nxh5 49. Qc8 Nd2 50. Kg1 Re2 51. Ne8+ Kh7 52. Nf6+ Nxf6 53.
Qf8 Nf3+ 54. Kf1 Re1+ 55. Kg2 Ne5 0-1

[Event "Zenica"]
[Site "Zenica"]
[Date "1987.??.??"]
[Round "8"]
[White "Garcia Palermo, Carlos"]
[Black "Velimirovic, Dragoljub"]
[Result "1/2-1/2"]
[WhiteElo "2530"]
[BlackElo "2535"]
[PlyCount "125"]
[EventDate "1987.04.??"]
[EventType "tourn"]
[EventRounds "11"]
[EventCountry "YUG"]
[Source "ChessBase"]
[SourceDate "1994.03.01"]
[WhiteTeamCountry "YUG"]
[BlackTeamCountry "AUT"]

1. d4 Nf6 2. c4 g6 3. Nc3 Bg7 4. e4 O-O 5. Nf3 d6 6. Be2 c5 7. O-O Nc6 8. d5
Na5 9. Bd2 Bg4 10. b3 a6 11. Rb1 Rb8 12. a4 Re8 13. h3 Bxf3 14. Bxf3 e6 15. Qc2
Qc7 16. Rbe1 Re7 17. Bd1 Rbe8 18. g3 b6 19. Kg2 Qd7 20. f4 exd5 21. exd5 Rxe1
22. Rxe1 Rxe1 23. Bxe1 Ne8 24. Qd3 Nb7 25. Bd2 Qe7 26. Bc2 Kf8 27. Ne4 Nf6 28.
Ng5 Kg8 29. Nf3 Nd7 30. g4 a5 31. g5 f5 32. h4 Nd8 33. h5 Nf8 34. Kf1 Nf7 35.
Nh4 Bd4 36. Nf3 Ba1 37. Kf2 Nd8 38. h6 Bb2 39. Bb1 Nf7 40. Qc2 Bh8 41. Bc3 Bxc3
42. Qxc3 Nd8 43. Nh4 Nb7 44. Kg3 Qf7 45. Bc2 Nd8 46. Bxf5 gxf5 47. Nxf5 Ng6 48.
Kg4 Qf8 49. Qe3 Nf7 50. Qe6 Qd8 51. Qe4 Kf8 52. Kh5 Qd7 53. Kg4 Qc8 54. Kg3 Qd7
55. Ng7 Qe7 56. Ne6+ Ke8 57. Qf5 Nxh6 58. gxh6 Qh4+ 59. Kf3 Qxh6 60. Ke2 Qh2+
61. Kf1 Qg2+ 62. Ke1 Qg3+ 63. Ke2 1/2-1/2

[Event "Zenica"]
[Site "Zenica"]
[Date "1987.??.??"]
[Round "9"]
[White "Velimirovic, Dragoljub"]
[Black "Smagin, Sergey"]
[Result "0-1"]
[WhiteElo "2535"]
[BlackElo "2505"]
[PlyCount "79"]
[EventDate "1987.04.??"]
[EventType "tourn"]
[EventRounds "11"]
[EventCountry "YUG"]
[Source "ChessBase"]
[SourceDate "1994.03.01"]
[WhiteTeamCountry "YUG"]
[BlackTeamCountry "AUT"]

1. e4 c6 2. d4 d5 3. Nc3 dxe4 4. Nxe4 Nd7 5. Nf3 Ngf6 6. Nxf6+ Nxf6 7. Bd3 Bg4
8. h3 Bh5 9. c3 e6 10. Qe2 Be7 11. Bd2 a5 12. a3 Qd5 13. g4 Bg6 14. Bxg6 hxg6
15. c4 Qe4 16. Qxe4 Nxe4 17. Be3 a4 18. Ke2 Nd6 19. Rac1 f6 20. h4 Kf7 21. Bf4
c5 22. d5 exd5 23. cxd5 Rac8 24. Kd3 b5 25. Rhe1 Rhd8 26. Kc2 Nc4 27. Rcd1 Bd6
28. Re4 Nb6 29. Re6 Nc4 30. Re4 Rd7 31. Nd2 Nxd2 32. Bxd2 Bf8 33. Be3 Rcd8 34.
Re6 Rd6 35. Kc3 R8d7 36. f4 Rxd5 37. Rxd5 Kxe6 38. Rxd7 Kxd7 39. f5 gxf5 40.
gxf5 0-1

[Event "Zenica"]
[Site "Zenica"]
[Date "1987.??.??"]
[Round "10"]
[White "Subasic, Ilijas"]
[Black "Velimirovic, Dragoljub"]
[Result "0-1"]
[WhiteElo "2315"]
[BlackElo "2535"]
[PlyCount "86"]
[EventDate "1987.04.??"]
[EventType "tourn"]
[EventRounds "11"]
[EventCountry "YUG"]
[Source "ChessBase"]
[SourceDate "1994.03.01"]
[WhiteTeamCountry "YUG"]
[BlackTeamCountry "AUT"]

1. d4 Nf6 2. Nf3 g6 3. Bg5 Bg7 4. Nbd2 c5 5. c3 cxd4 6. cxd4 Nc6 7. e3 d6 8.
Be2 h6 9. Bh4 O-O 10. a3 a5 11. O-O Bf5 12. Rc1 g5 13. Bg3 Nh5 14. Nxg5 Nxg3
15. fxg3 Bg6 16. Ngf3 e5 17. d5 Ne7 18. e4 Kh7 19. Kh1 f5 20. Bd3 Kh8 21. Nh4
f4 22. Qb3 Bf6 23. Ndf3 fxg3 24. hxg3 Rg8 25. Nh2 Bg5 26. Rc2 Rg7 27. Rcf2 Rc8
28. Qxb7 Bxh4 29. gxh4 Nf5 30. Qa6 Ng3+ 31. Kg1 Nxf1 32. Rxf1 Qd7 33. Bb5 Qh3
34. Rf2 Bxe4 35. Bf1 Kh7 36. Qe2 Qxh4 37. Nf3 Qg4 38. Qe3 Bg6 39. Qd2 a4 40.
Qe3 Rc2 41. Bd3 Rxf2 42. Bxg6+ Rxg6 43. Qxf2 Qe4 0-1

[Event "Zenica"]
[Site "Zenica"]
[Date "1987.??.??"]
[Round "11"]
[White "Velimirovic, Dragoljub"]
[Black "Terzic, Safet"]
[Result "0-1"]
[WhiteElo "2535"]
[BlackElo "2345"]
[PlyCount "64"]
[EventDate "1987.04.??"]
[EventType "tourn"]
[EventRounds "11"]
[EventCountry "YUG"]
[Source "ChessBase"]
[SourceDate "1994.03.01"]
[WhiteTeamCountry "YUG"]
[BlackTeamCountry "AUT"]

1. e4 e5 2. Nf3 Nc6 3. Bb5 f5 4. Nc3 Nf6 5. exf5 Bc5 6. O-O O-O 7. Nxe5 Nd4 8.
Nf3 Nxb5 9. Nxb5 d5 10. d4 Bb6 11. Ne5 Bxf5 12. Be3 Nd7 13. Qd2 Qe8 14. Nc3
Nxe5 15. dxe5 d4 16. Bxd4 Rd8 17. Ne2 Bxd4 18. Nxd4 c5 19. c3 cxd4 20. Rfe1
dxc3 21. Qxc3 Be6 22. a3 Qb5 23. Rad1 Rxd1 24. Rxd1 Qe2 25. Qe1 Qxe1+ 26. Rxe1
Rc8 27. f4 Rc2 28. Re3 Bd5 29. g3 g6 30. Rd3 Bc6 31. Rd8+ Kf7 32. b4 Rg2+ 0-1

[Event "Zenica"]
[Site "Zenica"]
[Date "1987.??.??"]
[Round "12"]
[White "Kobas, Adnan"]
[Black "Velimirovic, Dragoljub"]
[Result "0-1"]
[WhiteElo "2335"]
[BlackElo "2535"]
[PlyCount "54"]
[EventDate "1987.04.??"]
[EventType "tourn"]
[EventRounds "11"]
[EventCountry "YUG"]
[Source "ChessBase"]
[SourceDate "1994.03.01"]
[WhiteTeamCountry "YUG"]
[BlackTeamCountry "AUT"]

1. e4 c5 2. Nf3 Nc6 3. d4 cxd4 4. Nxd4 g6 5. c4 Bg7 6. Be3 Nf6 7. Nc3 Ng4 8.
Qxg4 Nxd4 9. Qd1 Ne6 10. Rc1 d6 11. Be2 Bd7 12. O-O O-O 13. b4 a5 14. a3 axb4
15. axb4 Bc6 16. Nd5 Ra2 17. Re1 Re8 18. Bg4 Qb8 19. b5 Bxd5 20. cxd5 Nc5 21.
Bxc5 dxc5 22. Rxc5 Qf4 23. Bf3 Rd2 24. Qc1 Bd4 25. Rc8 Rxc8 26. Qxc8+ Kg7 27.
Kh1 e6 0-1

[Event "Szirak Interzonal"]
[Site "Szirak"]
[Date "1987.??.??"]
[Round "1"]
[White "Nunn, John"]
[Black "Velimirovic, Dragoljub"]
[Result "1-0"]
[WhiteElo "2585"]
[BlackElo "2520"]
[Annotator "ChessBase"]
[PlyCount "77"]
[EventDate "1987.07.??"]
[EventType "tourn"]
[EventRounds "17"]
[EventCountry "HUN"]
[EventCategory "12"]
[Source "ChessBase"]
[SourceDate "1988.04.01"]
[WhiteTeamCountry "YUG"]
[BlackTeamCountry "AUT"]

1. e4 c5 2. Nf3 Nc6 3. d4 cxd4 4. Nxd4 g6 5. c4 Bg7 6. Be3 Nf6 7. Nc3 d6 8. Be2
Bd7 9. O-O O-O 10. Rc1 Nxd4 11. Bxd4 Bc6 12. f3 a5 13. b3 Bh6 $5 (13... Nh5 $6)
(13... Re8) 14. Rc2 Nd7 15. Kh1 Nc5 16. Nd5 Bg7 17. Bxg7 (17. Bg1 $142 $1)
17... Kxg7 18. Rd2 Bxd5 19. Rxd5 Qb6 $15 20. Qd4+ f6 21. f4 Qb4 22. Rd1 a4 23.
e5 axb3 24. axb3 Ra2 25. Bf3 b6 26. Qe3 dxe5 27. fxe5 Qxb3 28. exf6+ exf6 29.
Rd7+ Rf7 30. Rxf7+ Kxf7 31. Rd7+ Nxd7 32. Qxb3 Ra1+ 33. Bd1 Nc5 34. Qc2 Ne4 35.
Kg1 f5 36. h3 h5 37. h4 Ke7 38. Kh2 Nf6 39. Qb2 1-0

[Event "Szirak Interzonal"]
[Site "Szirak"]
[Date "1987.??.??"]
[Round "6"]
[White "Andersson, Ulf"]
[Black "Velimirovic, Dragoljub"]
[Result "1/2-1/2"]
[WhiteElo "2600"]
[BlackElo "2520"]
[Annotator "ChessBase"]
[PlyCount "80"]
[EventDate "1987.07.??"]
[EventType "tourn"]
[EventRounds "17"]
[EventCountry "HUN"]
[EventCategory "12"]
[Source "ChessBase"]
[SourceDate "1988.04.01"]
[WhiteTeamCountry "YUG"]
[BlackTeamCountry "AUT"]

1. Nf3 Nf6 2. c4 c5 3. Nc3 g6 4. d4 Bg7 5. e4 O-O 6. Be2 d6 7. O-O Nc6 8. d5
Na5 9. a3 Bg4 (9... Nd7) (9... b6) 10. Nd2 Bxe2 11. Nxe2 Qc7 12. Qc2 Rac8 13.
Rb1 a6 14. b3 e5 15. Bb2 Nh5 16. f4 exf4 17. Nxf4 Nxf4 18. Rxf4 Bxb2 19. Qxb2
b5 20. Rbf1 Rb8 $10 21. Qf6 bxc4 22. bxc4 Nb3 23. Nxb3 Rxb3 24. h4 h5 25. e5
dxe5 26. d6 Qd7 27. Qxe5 Rd3 28. Rf6 Rd2 29. Qe7 Rxg2+ 30. Kxg2 Qg4+ 31. Kf2
Qxh4+ 32. Kf3 Qg4+ 33. Kf2 Qh4+ 34. Kf3 Qg4+ 35. Ke3 Qd4+ 36. Ke2 Qxc4+ 37. Ke3
Qd4+ 38. Ke2 Qc4+ 39. Ke1 Qc3+ 40. Kf2 Qd4+ 1/2-1/2

[Event "Szirak Interzonal"]
[Site "Szirak"]
[Date "1987.??.??"]
[Round "7"]
[White "Velimirovic, Dragoljub"]
[Black "Adorjan, Andras"]
[Result "1-0"]
[WhiteElo "2520"]
[BlackElo "2540"]
[Annotator "ChessBase"]
[PlyCount "67"]
[EventDate "1987.07.??"]
[EventType "tourn"]
[EventRounds "17"]
[EventCountry "HUN"]
[EventCategory "12"]
[Source "ChessBase"]
[SourceDate "1988.04.01"]
[WhiteTeamCountry "YUG"]
[BlackTeamCountry "AUT"]

1. e4 c5 2. Nf3 e6 3. d4 cxd4 4. Nxd4 Nf6 5. Nc3 d6 6. Bc4 Be7 7. Bb3 Na6 8. f4
Nc5 9. e5 $5 (9. Qf3) 9... dxe5 10. fxe5 Nxb3 $6 (10... Nfd7 $13) 11. axb3 Bc5
(11... Nd7 $142 12. Bf4 $14) 12. Be3 $16 Nd5 13. Nxe6 Bxe6 14. Bxc5 Qg5 15. O-O
Nxc3 16. bxc3 Qxe5 17. Qd4 Qd5 18. Ra5 Qxd4+ 19. cxd4 Kd7 20. Bxa7 b5 21. Rfa1
Rhc8 22. Bc5 Bd5 23. Kf2 Rxa5 24. Rxa5 Ra8 25. Rxa8 Bxa8 26. c4 bxc4 27. bxc4
Be4 28. Ke3 Bxg2 29. d5 f5 30. Bb4 g5 31. Kd4 f4 32. c5 g4 33. c6+ Kc8 34. Be1
1-0

[Event "Szirak Interzonal"]
[Site "Szirak"]
[Date "1987.??.??"]
[Round "13"]
[White "Velimirovic, Dragoljub"]
[Black "Benjamin, Joel"]
[Result "1/2-1/2"]
[WhiteElo "2520"]
[BlackElo "2575"]
[Annotator "Ribli"]
[PlyCount "122"]
[EventDate "1987.07.??"]
[EventType "tourn"]
[EventRounds "17"]
[EventCountry "HUN"]
[EventCategory "12"]
[Source "ChessBase"]
[SourceDate "1988.04.01"]
[WhiteTeamCountry "YUG"]
[BlackTeamCountry "AUT"]

1. e4 c5 2. Nf3 e6 3. d4 cxd4 4. Nxd4 Nc6 5. Nc3 Qc7 6. Be2 a6 7. O-O Nf6 8.
Kh1 Bb4 9. f4 $5 d5 $5 (9... Bxc3 $5 10. bxc3 Nxe4 11. Nxc6 $5 (11. Bf3 $5)
11... Qxc6 $1 $13 (11... dxc6 12. Qd4 f5 13. Bh5+ Kf8 14. Ba3+ c5 15. Rad1 $18)
(11... bxc6 12. Qd4 Nf6 13. Ba3 $44)) 10. e5 Bxc3 11. bxc3 Ne4 12. Bd3 $1 Na5 (
12... O-O 13. Ba3 Re8 (13... Nxc3 14. Qh5) 14. Nf3 $16) (12... Nxc3 13. Qg4 g6
14. Nf3 $44) 13. Qe1 (13. Qg4 $5 g6 14. Be3 (14. Qh4)) 13... Bd7 14. Ba3 (14.
Nf3 $5) 14... Qxc3 15. Qxc3 Nxc3 16. Bb4 (16. f5 $5) 16... Nb5 17. Nxe6 (17.
Nxb5 $5 axb5 18. f5 $44) 17... fxe6 18. Bxa5 O-O 19. a4 Nd4 20. Bb6 Nc6 21.
Rab1 Rfc8 22. Rfe1 (22. g3 $5 {/\ Kg2, g4+/-}) 22... Ne7 23. Bd4 Rc7 24. a5 Be8
25. Bb6 Rcc8 26. Be3 Bb5 27. g4 Bxd3 28. cxd3 Rc7 29. Bb6 $2 (29. Kg2 $14)
29... Rc2 30. Bg1 Rb8 31. Ba7 $2 Rf8 $1 32. Rxb7 Ng6 33. f5 Nh4 $132 34. Rf1
exf5 35. g5 Rf7 36. Rb8+ Rf8 37. Rb4 $2 (37. Rb7) 37... Ng6 38. Bb8 $2 (38. d4
$142) 38... Re2 39. Bd6 Rc8 40. d4 f4 $17 41. Rb8 Rxb8 42. Bxb8 Re4 (42... Kf7
$1) 43. Rc1 Nh4 $2 $10 (43... Kf7 $142 $1 44. Rc7+ Ke6 45. Rxg7 f3 46. Kg1 Kf5
$17) 44. e6 $1 Rxe6 45. Bxf4 Nf3 46. Bg3 $1 Rg6 47. Kg2 Nxd4 48. Rd1 Nf5 49.
Bf4 Ne7 50. h4 Rc6 51. h5 Kf7 52. Be5 Nf5 53. Rb1 Ke6 54. Rb6 Kd7 55. Rb7+ Ke6
56. Bxg7 Nxg7 57. g6 $6 Rc2+ 58. Kf3 hxg6 59. Rxg7 gxh5 60. Rg6+ Ke5 61. Rxa6
Kd4 1/2-1/2